| 000 | 01105cam a2200325 i 4500 | ||
|---|---|---|---|
| 001 | 17131814 | ||
| 003 | EG-ScBUE | ||
| 005 | 20250716084431.0 | ||
| 008 | 120124t2013 maua f b 001 0 eng d | ||
| 020 | _a9780122511004 (hbk.) | ||
| 040 |
_aDLC _beng _erda _cDLC _dDLC _dEG-ScBUE |
||
| 082 | 0 | 4 |
_a541.36 _222 _bFEG |
| 100 | 1 |
_aFegley, Bruce, _eauthor. _937872 |
|
| 245 | 1 | 0 |
_aPractical chemical thermodynamics for geoscientists / _cBruce Fegley ; with contributions by Rose Osborne. |
| 264 | 1 |
_aWaltham ; _aOxford : _bAcademic Press / Elsevier, _c[2013] |
|
| 264 | 4 | _cc2013 | |
| 300 |
_axix, 674 pages : _billustrations ; _c24 cm |
||
| 336 |
_2rdacontent _atext _btxt |
||
| 337 |
_aunmediated _2rdamedia _bn |
||
| 338 |
_avolume _bnc _2rdacarrier |
||
| 504 | _aIncludes bibliographical references and index. | ||
| 650 | 7 |
_aThermochemistry. _2BUEsh _937873 |
|
| 650 | 7 |
_aChemical equilibrium. _2BUEsh _96232 |
|
| 650 | 7 |
_aThermodynamics. _2BUEsh _91919 |
|
| 651 | _2BUEsh | ||
| 653 |
_bENGGEN _cMay2015 |
||
| 655 |
_vReading book _934232 |
||
| 700 | 1 |
_aOsborne, Rose, _eauthor. _937874 |
|
| 942 |
_2ddc _cBB |
||
| 999 |
_c19302 _d19274 |
||